Statistics for NFL quiz (for nick)

Click here to take the quiz!

General Stats

  • This quiz has been taken 35 times
  • The average score is 5 of 10

Answer Stats

PlaceAnswer% Correct
10Browns
83%
4Bears
58%
2Jaguars
58%
7Colts
50%
8Dolphins
50%
6Giants
50%
3Chargers
42%
1Panthers
38%
549ers
33%
9Jets
0%

Score Distribution

Percentile by Number Answered

Percent of People with Each Score

Your Score History

You have not taken this quiz